000 00446nam a2200181Ia 4500
001 3970
005 20260306145722.0
008 260306t1993||||xx |||||||||||||| ||spa||
041 _aESP
082 _a306
_bT25
100 _aTaussig, Michael
_eAUT
245 0 _aMimesis and alterity:
_ba particular history of the senses
260 _c1993
300 _a299 páginas :
_c23 cm.
650 _aGEN
654 _aCHU
942 _cLIB
_dJUS
_fJUS
_2ddc
_n
999 _c3970
_d3970